Cine. Obreros, técnicos y administrativos. CCT 235/1975. CABA (Registro nro. 34152)

Detalles MARC
000 -LEADER
fixed length control field 00343 a2200109 4500
001 - CONTROL NUMBER
control field ART_48667
005 - DATE AND TIME OF LATEST TRANSACTION
control field 20260410162033.0
008 - FIXED-LENGTH DATA ELEMENTS--GENERAL INFORMATION
fixed length control field 260409a
100 1# - MAIN ENTRY--PERSONAL NAME
Personal name Godoy, Laura M.
245 10 - TITLE STATEMENT
Title Cine. Obreros, técnicos y administrativos. CCT 235/1975. CABA
773 0# - HOST ITEM ENTRY
Title Liquidación de sueldos
Related parts - N° 155 (abr. 2019)
Record control number REV44399

No hay ítems disponibles.